| 000 | 01395nam a2200361 a 4500 | ||
|---|---|---|---|
| 001 | 735110 | ||
| 005 | 20260416050737.0 | ||
| 008 | 980805s1997 enka b 001 0 eng d | ||
| 010 | _a 98179528 | ||
| 020 | _a9041107142 | ||
| 020 |
_a9041107134 _qSeries |
||
| 020 | _a9789041107145 | ||
| 020 | _a9789041107138 | ||
| 035 | _a735110 | ||
| 035 | _a(CStRLIN)MAHGBLH72552-B | ||
| 042 | _alccopycat | ||
| 082 | _a341.442 WOU | ||
| 100 | 1 | _aBourne, Charles B. | |
| 245 | 1 | 0 |
_aInternational water law : _bselected writings of Professor Charles B. Bourne / _cedited by Patricia Wouters. |
| 260 |
_aLondon : _bKluwer Law International, _c1997. |
||
| 300 |
_axxvi, 371 p. : _bill. ; _c25 cm. |
||
| 365 | _bRs.5,950 | ||
| 440 | 0 |
_aInternational and national water law and policy series ; _v1 |
|
| 504 | _aIncludes bibliographical references and index. | ||
| 650 | 0 | _aInternational rivers. | |
| 650 | 0 | _aWater rights (International law) | |
| 700 | 1 | _aWouters, Patricia. | |
| 856 |
_uhttps://brill.com/edcollbook/title/10491?srsltid=AfmBOopqfifRoha3MdKlKD2EL8dheJIsCSdnXM3-qFGo3MxYVgubpKOa _yTable of contents |
||
| 906 |
_a7 _bcbc _ccopycat _d2 _encip _f19 _gy-gencatlg |
||
| 942 |
_2ddc _cBK |
||
| 999 |
_c16476 _d16476 |
||